Les nationalismes dans l'Espagne contemporaine (1975-2011) : Compétition politique et identités nationales (notice n° 1926245)

détails MARC
000 -LEADER
fixed length control field 01508cam a2200157 4500500
005 - DATE AND TIME OF LATEST TRANSACTION
control field 20260329023319.0
041 ## - LANGUAGE CODE
Language code of text/sound track or separate title fre
042 ## - AUTHENTICATION CODE
Authentication code dc
100 10 - MAIN ENTRY--PERSONAL NAME
Personal name Garcia Herrero, Alicia
Relator term author
245 00 - TITLE STATEMENT
Title Les nationalismes dans l'Espagne contemporaine (1975-2011) : Compétition politique et identités nationales
260 ## - PUBLICATION, DISTRIBUTION, ETC.
Name of publisher, distributor, etc. Armand Colin,<br/>
Date of publication, distribution, etc. 2012.<br/>
520 ## - SUMMARY, ETC.
Summary, etc. Comment les nationalismes, qu’ils émanent des partis nationaux ou des formations basques, catalanes et galiciennes, ont-ils repensé la « nation » espagnole depuis la transition démocratique ? Alliant l’histoire contemporaine et la science politique, ce livre retrace la réémergence des nationalismes « périphériques » et étudie leurs idéologies en Catalogne, au Pays basque et dans d’autres communautés autonomes depuis la mort de Franco en 1975. Il souligne aussi les stratégies des partis nationaux dominants, de droite comme de gauche, pour s’adapter à l’essor des revendications nationalistes et régionalistes dans le cadre démocratique de l’État des autonomies. Réunissant les meilleurs spécialistes français et espagnols, l’ouvrage constitue un outil de référence, à la fois accessible et érudit, sur les trajectoires nationalistes dans l’Espagne contemporaine.
700 10 - ADDED ENTRY--PERSONAL NAME
Personal name Fernández García, Alicia
Relator term author
700 10 - ADDED ENTRY--PERSONAL NAME
Personal name Petithomme, Mathieu
Relator term author
856 41 - ELECTRONIC LOCATION AND ACCESS
Uniform Resource Identifier <a href="https://shs.cairn.info/les-nationalismes-dans-l-espagne-contemporaine--9782200280505?lang=fr&redirect-ssocas=7080">https://shs.cairn.info/les-nationalismes-dans-l-espagne-contemporaine--9782200280505?lang=fr&redirect-ssocas=7080</a>

Pas d'exemplaire disponible.

PLUDOC

PLUDOC est la plateforme unique et centralisée de gestion des bibliothèques physiques et numériques de Guinée administré par le CEDUST. Elle est la plus grande base de données de ressources documentaires pour les Étudiants, Enseignants chercheurs et Chercheurs de Guinée.

Adresse

627 919 101/664 919 101

25 boulevard du commerce
Kaloum, Conakry, Guinée

Réseaux sociaux

Powered by Netsen Group @ 2025